| 000 | 01079nam a2200253 a 4500 | ||
|---|---|---|---|
| 001 | 80030 | ||
| 003 | BD-RjUL | ||
| 005 | 20230619115221.0 | ||
| 008 | 220623s2008 bg a|||| m||| 00| 0 eng d | ||
| 035 | _a(BD-RjUL)80030 | ||
| 040 |
_aBD-RjUL _beng _cBD-RjUL _dBD-RjUL |
||
| 041 | _aeng | ||
| 082 |
_223 _a687.0925492 _bASL 2008 |
||
| 100 |
_aAshaduzzaman, Abu Shahin M. _93853 |
||
| 245 | 1 | 0 |
_aLivelihood Security of Bangladesh's Garment Workers in the Era of Globalisation : _bChanges, Challenges and Responses / _cBy Abu Shahin M. Ashaduzzaman _6Supervisor : Shah Muhammad Habibur Rahman, Co-Supervisor : M. Shamsur Rahman |
| 260 |
_aRajshahi: _bInstitute of Bangladesh Studies, Rajshahi University, _c2008 |
||
| 300 |
_axxiii, 353 leaves : _bill. ; _c29 cm. |
||
| 502 | _aThesis (Ph. D.)-- Institute of Bangladesh Studies, R. U.,2008 | ||
| 504 | _aBibliography : leaves 328-346 | ||
| 650 |
_aGarments Workers _xBiography _zBangladesh _93854 |
||
| 700 |
_aRahman, Shah Muhammad Habibur, Supervisor _93855 |
||
| 700 |
_aRahman, M. Shamsur, Co-Supervisor _91300 |
||
| 942 |
_2ddc _cTHE |
||
| 999 |
_c80030 _d80030 |
||